| 000 | 00577nam a22001817a 4500 | ||
|---|---|---|---|
| 020 | _qHard Cover. | ||
| 082 | _a330 | ||
| 100 | _aFarooq, Hira | ||
| 245 |
_aImpact of female labor force participation on divorce rates / _cHira Farooq. |
||
| 260 |
_aIslamabad: _bS3H - NUST, _c2019. |
||
| 300 |
_a37 p. : _bill. ; _c30cm. |
||
| 563 | _aHB | ||
| 650 |
_aEconomics BS-Project Report. _927430 |
||
| 700 |
_aDr. Zahid Siddique _927461 |
||
| 856 | _uhttp://10.250.8.41:8080/xmlui/handle/123456789/3245 | ||
| 942 |
_2ddc _cPR |
||
| 999 |
_c533522 _d533522 |
||